000 01103nam2a22002411 4500
001 RU\NLR\INFOCOMM55\1000059737
005 20250617121833.0
035 _a(NLR Aleph) 002596952
090 _a3409055
_c3409055
100 _a20040609d2002 |||y0rusy50 ca
101 0 _arus
102 _aRU
200 1 _aБитва в античности
210 _d2002
_aБ. м.
300 _aСпец. вып.
461 0 _1001RU\NLR\INFOCOMM55\1000059723
_12001#$aPara bellum$eВоен.-ист. обозрение$eНезависимые изд., освещающие соврем. воен.-ист. движение России, ближ. и дал. зарубежья$v№ 15
_93408991
_cСПб.
_d1997 - 2012
_nБ. и.
_oВоен.-ист. обозрение : Независимые изд., освещающие соврем. воен.-ист. движение России, ближ. и дал. зарубежья
_tPara bellum
_x1683-8114
_v№ 15
801 1 _aRU
_bInfoComm
_c20040609
801 0 _aRU
_bNLR
_gPSBO
852 _aNLR
_jП10/7249
942 _cISSUE
980 _aNB
980 _aRUSPER